000 00714nam a2200241 i 4500
001 C2-0294664
003 PPAK
005 20180728030343.0
008 090219s2008 enka|||| ||||| | eng d
020 _a9781906155339
040 _aPPAK
_beng
_cPPAK
_erda
082 0 4 _a724.7
_223
090 0 0 _a724.7
_bKIE
_dR
100 1 _aKiendl, Anthony,
_eauthor
245 1 0 _aInformal architectures :
_bspace and contemporary culture
264 1 _aLondon :
_bBlack Dog Publishing ,
_c2008
300 _a207 pages :
_bcolour illustrations ;
_c29 cm
336 _2rdacontent
_atext
337 _2rdamedia
_aunmediated
338 _2rdacarrier
_avolume
650 1 0 _aArchitecture, Modern - 21st. Century
942 _ddc
_cB
999 _c99285
_d99285